000 00756nam a22002297a 4500
999 _c17037
_d17037
003 AR-CdUCM
008 190507b ||||| |||| 00| 0 spa d
040 _aMUNICIPALIDAD PROVINCIAL DEL CUSCO
_cBIBLIOTECA MUNICIPAL DEL CUSCO
041 _hfre
082 _a927.92 /
_bB25
100 _aBarrault, Jean Louis
_936851
245 _aSoy hombre de teatro /
260 _aBuenos Aires :
_bEdiciones Veinte,
_c1958.
300 _a140 páginas ;
_c21 cm.
505 _aContenido: Un día de teatro -- Una creación escénica -- Cómo se vive durante una jira.
650 _aBiografía
_922
650 _aArtista
_913411
650 _aFrancia
_91444
700 _aJavier, Francisco (traducción)
_936852
942 _2ddc
_cLIBROS
945 _aachl
_d2019-05-07